A history of architecture in all countries : (Record no. 62621)
[ view plain ]
| 000 -LEADER | |
|---|---|
| fixed length control field | 01463cam a2200385Ii 4500 |
| 001 - CONTROL NUMBER | |
| control field | 62621 |
| 003 - CONTROL NUMBER IDENTIFIER | |
| rucl marc code | BD-RjUL |
| 005 - DATE AND TIME OF LATEST TRANSACTION | |
| control field | 20211209081114.0 |
| 008 - FIXED-LENGTH DATA ELEMENTS--GENERAL INFORMATION | |
| fixed length control field | 191126m18731876enkaf b 001 0 eng d |
| 035 ## - SYSTEM CONTROL NUMBER | |
| System control number | MITb10214169 |
| System control number | (BD-RjUL)62747 |
| 040 ## - CATALOGING SOURCE | |
| Original cataloging agency | IAT |
| Transcribing agency | IAT |
| Modifying agency | OCL |
| -- | m.c. |
| -- | MYG |
| Language of cataloging | eng |
| 041 ## - LANGUAGE CODE | |
| Language code of text/sound track or separate title | eng |
| 049 ## - LOCAL HOLDINGS (OCLC) | |
| Holding library | MYGG |
| 082 ## - DEWEY DECIMAL CLASSIFICATION NUMBER | |
| Edition number | 23 |
| Classification number | 720.954 |
| Author mark and year | FEH |
| 090 ## - LOCALLY ASSIGNED LC-TYPE CALL NUMBER (OCLC); LOCAL CALL NUMBER (OCLC) | |
| Classification number (OCLC) (R) ; Classification number, CALL (RLIN) (NR) | NA200 |
| Local cutter number (OCLC) ; Book number/undivided call number, CALL (RLIN) | .F354 1874 |
| 099 ## - LOCAL FREE-TEXT CALL NUMBER (OCLC) | |
| Bangla Class number | NA200.F354 1874 |
| 100 1# - MAIN ENTRY--PERSONAL NAME | |
| Personal name | Fergusson, James, |
| Dates associated with a name | 1808-1886. |
| 9 (RLIN) | 235539 |
| 245 12 - TITLE STATEMENT | |
| Title | A history of architecture in all countries : |
| Remainder of title | from the earliest times to the present day / |
| Statement of responsibility, etc. | by James Fergusson. |
| 250 ## - EDITION STATEMENT | |
| Edition statement | 2d ed. |
| 260 ## - PUBLICATION, DISTRIBUTION, ETC. (IMPRINT) | |
| Place of publication, distribution, etc. | London : |
| Name of publisher, distributor, etc. | J. Murray, |
| Date of publication, distribution, etc. | 1873-1876. |
| 300 ## - PHYSICAL DESCRIPTION | |
| Pagination | 4 v., 1 leaf of plates : |
| Illustrations | ill. ; |
| Size | 22 cm. |
| 336 ## - CONTENT TYPE | |
| Content type term | text |
| Content type code | txt |
| Source | rdacontent |
| 337 ## - MEDIA TYPE | |
| Media type term | unmediated |
| Media type code | n |
| Source | rdamedia |
| 338 ## - CARRIER TYPE | |
| Carrier type term | volume |
| Carrier type code | nc |
| Source | rdacarrier |
| 504 ## - BIBLIOGRAPHY, ETC. NOTE | |
| Bibliography, etc | Includes bibliographical references and indexes. |
| 505 0# - FORMATTED CONTENTS NOTE | |
| Formatted contents note | v. 1-2. A history of architecture in all countries. 1874.--v. 3. History of Indian and eastern architecture. 1876.--v. 4. History of the modern styles of architecture. 1873. |
| 650 #0 - SUBJECT ADDED ENTRY--TOPICAL TERM | |
| Topical term or geographic name as entry element | Architecture |
| General subdivision | History. |
| 9 (RLIN) | 235540 |
| 942 ## - ADDED ENTRY ELEMENTS (KOHA) | |
| Koha item type | Rare Books |
| Source of classification or shelving scheme | Dewey Decimal Classification |
| Lost status | Source of classification or shelving scheme | Damaged status | Not for loan | Collection code | Permanent Location | Current Location | Shelving location | Date acquired | Source of acquisition | Cost, normal purchase price | Total Checkouts | Full call number | Date last seen | Copy number | Koha item type |
|---|---|---|---|---|---|---|---|---|---|---|---|---|---|---|---|
| Dewey Decimal Classification | Not For Loan | Rare Books | Central Library, University of Rajshahi | Central Library, University of Rajshahi | Reading Room | 08/07/1974 | Indian Govt. | 0.00 | RA 720.954 FEH 1873 | 26/11/2019 | C-1 | Rare Books |